00718cam a2200181Ia 4500040000800000082002800008245009000036246004600126260013600172300003200308500005100340500001900391650002600410650001500436650002200451710001900473856004400492 cGPO a658 U.S.D 2006 A051 Or.00aMaking smart investments in afterschoolba policy primer for state and local leaders.32aPolicy primer for state and local leaders a[Washington, D.C.] :bU.S. Dept. of Health and Human Services, Administration for Children and Families, Child Care Bureau,c[2006] a37 p. :bdigital, PDF file. aTitle from title screen (viewed June 6, 2007). a"August 2006." 0aAfter-school programs 0aChild care 0aChild development1 aUnited States.41uhttp://purl.access.gpo.gov/GPO/LPS82279